000 00392nam a22001697a 4500
999 _c8883
_d8883
003 OSt
008 200713b ||||| |||| 00| 0 eng d
020 _a9789382448006
082 _a 615.321 GOP
100 _aGokhale , S.B
245 _aPharmacognosy of Animal Drugs
250 _a4th, 2019
260 _aNew Delhi
_bNirali
300 _aMisc
650 _aPharmacognosy
942 _2ddc
_cBK